MARC

LEADER 00000nam0a2200000 4500
001 279868
005 20231101235242.0
035 |a (RuTPU)RU\TPU\book\303173 
090 |a 279868 
100 |a 20141224d1986 k y0rusy50 ca 
101 0 |a rus 
102 |a RU 
105 |a a z 001zy 
200 1 |a Преобразователи формы информации и средства передачи данных  |e сборник научных трудов  |f Академия наук Украинской ССР (АН УССР), Институт кибернетики (ИК) ; под ред. А. И. Кондалева 
210 |a Киев  |c Изд-во ИК АН УССР  |d 1986 
215 |a 60 с.  |c ил. 
320 |a Библиография в конце статей 
606 1 |a Преобразователи информации  |2 stltpush  |3 (RuTPU)RU\TPU\subj\51210  |9 69813 
610 1 |a данные 
610 1 |a передача 
610 1 |a обработка 
610 1 |a ЭВМ 
610 1 |a ввод-вывод 
610 1 |a погрешности 
610 1 |a коррекция 
610 1 |a вычислительные сети 
610 1 |a расчет 
610 1 |a дисплеи 
610 1 |a кодирование 
610 1 |a преобразования Уолша 
675 |a 681.586  |v 4 
702 1 |a Кондалев  |b А. И.  |4 340 
712 0 2 |a Академия наук Украинской ССР (АН УССР)  |b Институт кибернетики (ИК)  |c (Киев)  |c (1962-1991)  |2 stltpush  |3 (RuTPU)RU\TPU\col\11437 
801 1 |a RU  |b 63413507  |c 20141224 
801 2 |a RU  |b 63413507  |c 20170420  |g RCR 
942 |c BK